01035 a2200193 4500003000500000005001700005010001700022020001500039040000900054082001700063100002400080245007600104250001200180260005500192300005600247505048800303650003100791651001900822Nust20221226101349.0 a 2002066345 a8129702649 cNust00a621.3851,STA1 aStanley, William D.10aNetwork analysis with applications (Include CD) / cWilliam D. Stanley. a4th ed. aUpper Saddle River, N.J. :bPrentice Hall,cc2003. ax, 662 p. :bill. ;c25 cm. +e1 CD-ROM (4 3/4 in.) aBasic circuit laws (Page-1), Circuit analysis methods (Page-47), Capacitive and inductive transcients and equivallent circuits (Page-125), Initial,final and first order circuits (Page-203), Laplace transforms (Page-267), Circuit analysis with laplace transforms (Page-299), Transfer functions (Page-349), Sinusoidal steady-state analysis (Page 409), Frequency response analysis and bode plots (Page- 451), Wave form analysis (Page-523), Fouriour analysis (Page-571), Index(page 657). 0aElectric network analysis. a(Include CD)